000 00402nam a2200133Ia 4500
005 20260326235451.0
008 260326s9999||||xx |||||||||||||| ||und||
100 _aSociedad Colombiana de Arquitectos
245 0 _aTestimonio 1988-1989 :
_b XII Bienal Colombiana de Arquitectura /
_cSociedad Colombiana de Arquitectos
260 _bEscala
300 _a97 p.
650 _aARQUITECTURA CIVIL
942 _cBK
999 _c7773
_d7773